Most QB Passing Yards by Team - Statistics

General Stats
  • This quiz has been taken 65 times
  • The average score is 20 of 32
Answer Stats
Hint Answer % Correct
Patriots, 58,028 Tom Brady
98%
Dolphins, 61,361 Dan Marino
95%
Saints, 48,555 Drew Brees
95%
Giants, 44,191 Eli Manning
93%
Colts, 54,828 Peyton Manning
93%
Broncos, 51,475 John Elway
87%
Packers, 61,655 Brett Favre
85%
Ravens, 28,332 Joe Flacco
85%
49ers, 35,124 Joe Montana
84%
Jets, 27,057 Joe Namath
80%
Bills, 34,567 Jim Kelly
78%
Lions, 25,976 Matthew Stafford
75%
Falcons, 32,757 Matt Ryan
71%
Cowboys, 34,145 Tony Romo
71%
Bears, 22,384 Jay Cutler
65%
Titans 33,685 Warren Moon
65%
Eagles, 32,873 Donavan McNabb
64%
Vikings, 33,098 Fran Tarkenton
56%
Raiders, 19,078 Ken Stabler
56%
Chargers, 43,040 Dan Fouts
53%
Redskins, 25,206 Joe Theismann
49%
Chiefs, 28,507 Len Dawson
49%
Texans, 23,221 Matt Schaub
49%
Bengals, 32,838 Ken Anderson
45%
Seahawks, 29,434 Matt Hasselback
45%
Buccaneers, 14,820 Vinny Testaverde
45%
Panthers 19,258 Jake Delhomme
44%
Jaguars, 25,298 Mark Brunell
44%
Steelers, 42,995 Ben Roethlisberger
36%
Browns, 23,713 Brian Sipe
33%
Rams, 23,758 Jim Everett
31%
Cardinals, 34,639 Jim Hart
25%
No matching quizzes found
Score Distribution
Percent of People with Each Score
Percentile by Number Answered
Your Score History
You have not taken this quiz